000 00677nam a2200241Ia 4500
003 OSt
005 20220924132125.0
006 a|||||r|||| 00| 0
007 ta
008 220923b |||||||| |||| 00| 0 san d
024 _a17077
037 _cTextual
040 _aARTS
_cARTS
_bsan
041 _2san
_asan
082 _aQ11:4x1:1:1, 15G8
100 _aMisra Haradatta
245 0 _aAsvalayana grhya mantra vyakhya ed by K Sambasiva Sastri
260 _c1938
490 _aTrivandrum sanskrit series; 138. Sri Citrodaya Manjari; 28
650 _aRELIGION
942 _hQ11:4x1:1:1, 15G8
_cTEXL
_2CC
999 _c429349
_d429349